=LDR 00000nam 2200000 4500 =001 INLIS000000000049882 =005 20170407155129.0 =006 =007 =008 =020 ##$$a 978-979-29-1715-4 =035 ##$$0010-041700000000072 =040 ##$$a NBPDMAT =082 ##$$a 398.221 =090 ##$$a 398.221 Ric s =100 ##$$a Ricky Gunawan =245 ##$$a Seri pertualangan dombi : Jalan-jalan ke gurun pasir $c Ricky Gunawan =260 ##$$a Yogyakarta $b Andi $c [20...?] =300 ##$$a ii, 42 hlm. $b ilus $c 19 cm. =650 ##$$a Bacaan Anak-Anak =850 ##$$a NBPDMAT